书目信息 |
| 题名: |
高等学校英语应用能力考试应试宝典
|
|
| 作者: | 赵晓茹 , 田叶香 主编 | |
| 分册: | B级 | |
| 出版信息: | 北京 对外经济贸易大学出版社 2004.05 |
|
| 页数: | 253页 | |
| 开本: | 26cm | |
| 丛书名: | ||
| 单 册: | ||
| 中图分类: | H31 | |
| 科图分类: | ||
| 主题词: | 英语--高等学校--教学参考资料 | |
| 电子资源: | ||
| ISBN: | 7-81078-348-3 | |
| 000 | 00926nam0 2200241 450 | |
| 001 | 0211561564 | |
| 005 | 20051018084441.15 | |
| 010 | @a7-81078-348-3@dCNY28.00 | |
| 100 | @a20040911d2004 km y0chiy0120 ea | |
| 101 | 0 | @achi@aeng |
| 102 | @aCN@b110000 | |
| 105 | @ay z 000yy | |
| 200 | 1 | @a高等学校英语应用能力考试应试宝典@Agao deng xue xiao ying yu ying yong neng li kao shi ying shi bao dian@hB级@f赵晓茹,田叶香主编@Fzhao xiao ru,tian ye xiang zhu bian |
| 210 | @a北京@c对外经济贸易大学出版社@d2004.05 | |
| 215 | @a253页@d26cm | |
| 330 | @a本书结合历年考试情况,对考试题型及应试策略进行介绍,介绍考试真题,并给出模拟试题,且就考点、解题技巧进行解析等。 | |
| 510 | 1 | @aPractical English Test for Colleges@zeng |
| 606 | 0 | @a英语@x高等学校@x教学参考资料 |
| 690 | @aH31@v4 | |
| 701 | 0 | @a赵晓茹@Azhao xiao ru@4主编 |
| 701 | 0 | @a田叶香@Atian ye xiang@4主编 |
| 801 | 0 | @aCN@bQSSK@c20051018 |
| 905 | @a10447@dH31@eZ335 | |
| 高等学校英语应用能力考试应试宝典.B级/赵晓茹,田叶香主编.-北京:对外经济贸易大学出版社,2004.05 |
| 253页;26cm |
| ISBN 7-81078-348-3:CNY28.00 |
| 本书结合历年考试情况,对考试题型及应试策略进行介绍,介绍考试真题,并给出模拟试题,且就考点、解题技巧进行解析等。 |
| ● |
| 相关链接 |
|
|
|
正题名:高等学校英语应用能力考试应试宝典
索取号:H31/Z335
 
预约/预借
| 序号 | 登录号 | 条形码 | 馆藏地/架位号 | 状态 | 备注 |
| 1 | 569670 | 205696709 | 语言库209/209语言库 91排1列5层/ [索取号:H31/Z335] | 在馆 | |
| 2 | 569671 | 205696718 | 语言库209/209语言库 91排1列5层/ [索取号:H31/Z335] | 在馆 | |
| 3 | 569672 | 205696727 | 语言库209/209语言库 91排1列5层/ [索取号:H31/Z335] | 在馆 |